Les Boissons - Statistiques

Statistiques générales
  • Ce quiz a été pris 554 fois
  • Le résultat moyen est 10 sur 18
Statistiques - réponses
Par images Réponse % Correct
Eau
100%
Lait
94%
Café
93%
Champagne
92%
Vin
91%
Coca-Cola
90%
Thé
90%
Bière
89%
Chocolat Chaud
84%
Sprite
70%
Whisky
48%
Diabolo-Menthe
36%
Cognac
21%
Spritz
20%
Tisane
7%
Orangeade
5%
Citronade
3%
Daiquiri
0%
Aucun quiz correspondant
Distribution des résultats
% des personnes avec chaque résultat
Percentile par nombre de réponses
Votre historique - résultats
Vous n’avez pas pris ce quiz